| 000 | 00522cam a2200205 a 4500 | ||
|---|---|---|---|
| 001 | 989116 | ||
| 005 | 20180112044022.0 | ||
| 008 | 860725s1986 nyua 001 0 eng | ||
| 010 | _a 86018965 | ||
| 020 |
_a0823072983 : _c$95.00 |
||
| 040 |
_aDLC _cDLC _dDLC |
||
| 041 | _aeng | ||
| 080 | _a720.284 | ||
| 082 | 0 | 0 |
_a720.284 REZ _219 |
| 100 | 1 | _a44 | |
| 101 | _aART | ||
| 245 | 1 | 0 |
_aInterior graphic and design standards / _cS.C. Reznikoff. |
| 906 |
_a7 _bcbc _corignew _d1 _eocip _f19 _gy-gencatlg |
||
| 942 |
_2ddc _cBK |
||
| 999 |
_c40186 _d40186 |
||